000 00936nam a22003137a 4500
003 CHAP
005 20220329143528.0
008 100409s1981 us a r 00010 eng d
010 _a98064
011 _a99036
020 _a0915904454
035 _a109721
040 _cCHAP
082 0 4 _a633.79
_bC76
100 1 _aConnell Clarke, Robert
_927211
245 1 0 _aMarijuana botany
_c/by Robert Connell Clarke
260 _aBerkeley, Ca. :
_bAnd/Or,
_cc1981
300 _axix, 197 p. :
_bilus.
590 _aBATCH-UPD
_b10
_c20130110
_lUCH01
_h0919
590 _aBATCH-UPD
_b10
_c20130410
_lUCH01
_h0541
590 _aBATCH-UPD
_b10
_c20130914
_lUCH01
_h0743
590 _aCONVERSION
_b10
_c20130109
_lUCH01
_h1354
650 1 4 _aBotánica médica.
_914680
650 1 4 _aFarmacología.
_939762
650 1 4 _aMarihuana.
_971370
901 _aBK
942 _cLIBRO
949 _a633.79 C76
_bBC
_cLIBRO
_d33724002165900
_eLIBRO
_h112229
_i109721
_si
999 _c98064
_d98064